000
00351cam a2200157ua 4500
001
6494
008
060101n1978 II |||gr||||Z||||||hin
040
_a
MAIN
041
_a
English
082
_a
891.43 JAI
100
_a
JAIN , RAJMAL .
245
_a
VIRAM CHINHA
260
_a
NEW DELHI
_b
OXFORD UNIVERSITY PRESS
_c
1978
300
_a
92.
942
_c
BK
999
_c
6479
_d
6479